| 000 | 00963nam a2200229Ii 4500 | ||
|---|---|---|---|
| 003 | JO-AjNU | ||
| 008 | 230605s9999||||xx |||||||||||||| ||und|| | ||
| 017 | _a2008/7/2135 | ||
| 020 | _a9957-16-363-1 | ||
| 040 |
_aJO-AjNU _bara _erda _cJO-AjNU |
||
| 041 | _aara | ||
| 050 | 1 | 4 | _aKMM48.5.I583.S3252.2009 |
| 100 | 3 |
_a الصباحين ، خالد يحيى , _eauthor _912490 |
|
| 245 | 0 | 0 | _aشرط الجدة ( السرية ) في براءة الاختراع " دراسة مقارنة بين التشريعين المصري والأردني والاتفاقيات الدولية " |
| 250 | _aط1 | ||
| 264 | 3 | 1 | _aعمان : دار الثقافة ، 2009 |
| 300 |
_a256ص _bيشتمل على ملاحق ص (217 - 245 ) ويشتمل على ص ( 251 - 256 ) |
||
| 336 |
_atext _btxt _2rdacontent |
||
| 337 |
_aunmediated _bn _2rdamedia |
||
| 338 |
_avolume _bnc _2rdacarrier |
||
| 650 | 4 |
_aالملكية المعنوية -- براءات الأختراع _912491 |
|
| 999 |
_aA2862 _c6430 _d6430 |
||